<?xml version="1.0" encoding="UTF-8"?>
<collection xmlns="http://www.loc.gov/MARC21/slim">
<record>
  <controlfield tag="001">150394</controlfield>
  <controlfield tag="005">20251017144643.0</controlfield>
  <datafield tag="024" ind1="7" ind2=" ">
    <subfield code="2">doi</subfield>
    <subfield code="a">10.5281/zenodo.14623229</subfield>
  </datafield>
  <datafield tag="024" ind1="8" ind2=" ">
    <subfield code="2">sideral</subfield>
    <subfield code="a">142484</subfield>
  </datafield>
  <datafield tag="037" ind1=" " ind2=" ">
    <subfield code="a">ART-2024-142484</subfield>
  </datafield>
  <datafield tag="041" ind1=" " ind2=" ">
    <subfield code="a">spa</subfield>
  </datafield>
  <datafield tag="100" ind1=" " ind2=" ">
    <subfield code="a">Gentile, Alessandro</subfield>
    <subfield code="u">Universidad de Zaragoza</subfield>
    <subfield code="0">(orcid)0000-0003-0387-9113</subfield>
  </datafield>
  <datafield tag="245" ind1=" " ind2=" ">
    <subfield code="a">Agronegocios para la inserción laboral de las personas jóvenes en Cuba</subfield>
  </datafield>
  <datafield tag="260" ind1=" " ind2=" ">
    <subfield code="c">2024</subfield>
  </datafield>
  <datafield tag="506" ind1="0" ind2=" ">
    <subfield code="a">Access copy available to the general public</subfield>
    <subfield code="f">Unrestricted</subfield>
  </datafield>
  <datafield tag="520" ind1="3" ind2=" ">
    <subfield code="a">La inserción laboral de los jóvenes rurales en cooperativas agrarias es importante para el relevo generacional y el arraigo residencial de este tipo de población en Cuba. Sin embargo, la reciente experiencia de los agronegocios, como opciones beneficiosas de empleo y de participación social está todavía poco analizada en ese país. El presente estudio pretende abarcar este campo de investigación a través de una revisión de los Diagnósticos Rurales Participativos en diversas zonas rurales de Cuba en los últimos años, haciendo hincapié en los procesos de gestión de las cooperativas agropecuarias a nivel local llevados a cabo en los últimos años. Los principales resultados del estudio indican que los agronegocios son determinantes para la sostenibilidad de la economía cubana, ya que abarcan una amplia gama de actividades productivas y generan numerosas oportunidades de empleo juvenil en el sector agrario, propiciando sus transiciones al mercado laboral y su arraigo en las áreas rurales. En particular, para incrementar la inserción laboral de los jóvenes en este tipo de cooperativas es necesario promover una gestión responsable de los recursos naturales en los agronegocios y estimular la producción local de alimentos con técnicas innovadoras y sostenibles.

The labor insertion of rural youth in agricultural cooperatives is a topic rarely analyzed in local research in Cuba. This exploratory study, supported by a documentary review and two Participatory Rural Diagnostics, aims to obtain a general understanding of the management processes in cooperatives and the public institutions that support said sector at the local level in rural areas. By collecting and identifying the general background on agribusiness as a new form of management in agricultural cooperatives; Trends were known and it was possible to examine in depth the good practices experienced by the cooperative sector at the local level for future research. The main results of this research indicate that agribusiness is important in the local economy, since it covers a wide range of productive activities and generates employment, mainly for young people, in the agricultural sector, this being an option to boost their transitions to the labor market. In summary, to increase the labor insertion of young people in cooperatives, it is necessary to promote responsible management of natural resources in agribusiness to stimulate food production at a local scale.</subfield>
  </datafield>
  <datafield tag="540" ind1=" " ind2=" ">
    <subfield code="9">info:eu-repo/semantics/openAccess</subfield>
    <subfield code="a">by</subfield>
    <subfield code="u">https://creativecommons.org/licenses/by/4.0/deed.es</subfield>
  </datafield>
  <datafield tag="655" ind1=" " ind2="4">
    <subfield code="a">info:eu-repo/semantics/article</subfield>
    <subfield code="v">info:eu-repo/semantics/publishedVersion</subfield>
  </datafield>
  <datafield tag="700" ind1=" " ind2=" ">
    <subfield code="a">Hernández Veitia, Arianna Beatriz</subfield>
  </datafield>
  <datafield tag="710" ind1="2" ind2=" ">
    <subfield code="1">4009</subfield>
    <subfield code="2">775</subfield>
    <subfield code="a">Universidad de Zaragoza</subfield>
    <subfield code="b">Dpto. Psicología y Sociología</subfield>
    <subfield code="c">Área Sociología</subfield>
  </datafield>
  <datafield tag="773" ind1=" " ind2=" ">
    <subfield code="g">5, 2 (2024), 3-12</subfield>
    <subfield code="p">Social. conoc.</subfield>
    <subfield code="t">Socializar Conocimientos</subfield>
    <subfield code="x">2452-4840</subfield>
  </datafield>
  <datafield tag="856" ind1="4" ind2=" ">
    <subfield code="s">501549</subfield>
    <subfield code="u">http://zaguan.unizar.es/record/150394/files/texto_completo.pdf</subfield>
    <subfield code="y">Versión publicada</subfield>
  </datafield>
  <datafield tag="856" ind1="4" ind2=" ">
    <subfield code="s">2322278</subfield>
    <subfield code="u">http://zaguan.unizar.es/record/150394/files/texto_completo.jpg?subformat=icon</subfield>
    <subfield code="x">icon</subfield>
    <subfield code="y">Versión publicada</subfield>
  </datafield>
  <datafield tag="909" ind1="C" ind2="O">
    <subfield code="o">oai:zaguan.unizar.es:150394</subfield>
    <subfield code="p">articulos</subfield>
    <subfield code="p">driver</subfield>
  </datafield>
  <datafield tag="951" ind1=" " ind2=" ">
    <subfield code="a">2025-10-17-14:33:00</subfield>
  </datafield>
  <datafield tag="980" ind1=" " ind2=" ">
    <subfield code="a">ARTICLE</subfield>
  </datafield>
</record>
</collection>